Normal view
MARC view
- MITACHELL, HEDGES F. A
Entry Personal Name
001 - CONTROL NUMBER
- control field: 79967
003 - CONTROL NUMBER IDENTIFIER
- control field: NUST
005 - DATE AND TIME OF LATEST TRANSACTION
- control field: 20210628210550.0
008 - FIXED-LENGTH DATA ELEMENTS
- fixed length control field: 210628|| aca||aabn | a|a d
040 ## - CATALOGING SOURCE
- Original cataloging agency: NUST
- Transcribing agency: NUST
100 ## - HEADING--PERSONAL NAME
- Personal name: MITACHELL, HEDGES F. A
670 ## - SOURCE DATA FOUND
- Source citation: Work cat.: (NUST): MITACHELL, HEDGES F. A, DANGER MY ALLY, 1956
